|
|
|
|
| LEADER |
00000nas a22000007a 4500 |
| 005 |
20130312155328.0 |
| 007 |
cr|||| |||| |
| 008 |
130312c20059999xxkgr|p s|||| 0|||a1eng d |
| 022 |
|
|
|a 15543897
|
| 035 |
|
|
|a 7145
|
| 040 |
|
|
|a vLex
|
| 090 |
|
|
|c 3899
|d 3899
|
| 245 |
0 |
0 |
|a African Journal of Criminology and Justice Studies
|b AJCJS
|h [Recurso electrn̤ico]
|
| 256 |
|
|
|a Servicio en ln̕ea
|
| 260 |
|
|
|a Shore Princess Anne, MD :
|b African Journal of Criminology and Justice Studies,
|c 2005-
|
| 300 |
|
|
|a 1 Recurso electrn̤co
|
| 506 |
|
|
|d vLex Global
|d vLex Global (Academic Edition, excluding Law Schools)
|d vLex Global (U.S. Academic Edition, Law Schools)
|d vLex Global (U.S. Academic Edition, excluding Law Schools)
|d vLex Global (Academic Edition, Law Schools)
|
| 650 |
0 |
4 |
|a Criminologa̕
|v Revista
|
| 740 |
|
|
|a vLex Revista (Servicio en ln̕ea)
|
| 856 |
|
|
|a Acceso restringido
|u http://www.vlex.com/source/7145
|
| 942 |
|
|
|c REV
|
| 999 |
|
0 |
|a Criminology
|